| 000 | 00596nam a2200217 a 4500 | ||
|---|---|---|---|
| 001 | BRCA_4143 | ||
| 005 | 20190320204548.0 | ||
| 008 | 150410s1944----mx-a######---#000-0#spa-# | ||
| 041 | _aspa | ||
| 044 | _amx | ||
| 050 | 4 |
_aF1391.M6 _b.C47 1944 |
|
| 100 | 1 |
_aCervantes, Enrique A. _d1935- _910695 |
|
| 245 | 1 | 0 |
_aMorelia en 1934 _cEnrique A. Cervantes. |
| 260 |
_aMéxico _bE. A. Cervantes _c1944 |
||
| 300 |
_av p. _bil., 50 fotos _c29 cm. |
||
| 500 | _aC172 | ||
| 651 | 4 |
_aMorelia, Michoacán _xDescripción _910696 |
|
| 651 | 4 |
_aMéxico _xDescripción _910697 |
|
| 902 | _aGFM | ||
| 942 |
_2lcc _cB |
||
| 999 |
_c3859 _d3859 |
||